000 00681nam a22001577a 4500
003 OSt
005 20151106152040.0
008 151106b xxu||||| |||| 00| 0 eng d
040 _cRUA
082 _aFOR LIM 2000 B126 Or.1
100 _93459
_aLIM, HAK.
245 _aUnilization of non-timber forest of snampreah commune bakan district pursat province, ការប្រើប្រាស់ផល-អនុផលព្រៃឈើ របស់សហគមន៍ព្រៃឈើ ឃុំស្នាមព្រះ ស្រុកបាកាន ខេត្តពោធិ៍សាត់
260 _aPhnom Penh
_bRUA
_c2000
300 _a56p.
_bill.
_c29cm.
942 _2ddc
_cFOR
999 _c3229
_d3229